01013nac a22002897a 4500001001000000003000900010005001700019008003400036040005400070072000800124090001900132100002100151100001800172110004900190245008100239260003700320300000900357490008200366500001100448650001000459650001200469650001300481909004700494942001700541999001900558952014600577BR0200923BR-BrBNA20240105122638.0230509b bl.|||m| |||| 00| 0 por d aBR-BrBNAbporcBiblioteca Nacional de Agricultura aE70 a1120 BR02009231 aAraújo, J.L.P.1 aCorreia, R.C.1 aEMBRAPA Semi-Árido, Petrolina, PE (Brasil)1 aComportamento de preços da manga na região do submédio São Francisco3 aPetrolina, PE (Brasil): c2000.  a5 p. aComunicado Técnico da EMBRAPA Semi-Árido (Brazil)vno. 94xISSN 1516-1609 a6 ref. aMANGA aPREÇO aNORDESTE a202312bLúcia Elandec55dLúcia Elande 2AGRISn0cMS c292088d292088 002AGRIS40708Acervo Gerala41918b41918cAGROBASEl0o1120 BR0200923p1120 BR0200923r2023-12-18yMSePortaria Interministerial nº 164/94